Gastronomia del Pròxim Orient (Registre núm. 68253)
[ vista simple ]
| 000 -LEADER | |
|---|---|
| campo de control de longitud fija | 00867amm a2200301 4500 |
| 008 - DATOS DE LONGITUD FIJA--INFORMACIÓN GENERAL | |
| campo de control de longitud fija | 220922s2006 cat |
| 041 ## - CÓDIGO DE IDIOMA | |
| Código de lengua del texto/banda sonora o título independiente | cat |
| 041 ## - CÓDIGO DE IDIOMA | |
| Llengües tractades | eng |
| 041 ## - CÓDIGO DE IDIOMA | |
| Llengües tractades | fre |
| 041 ## - CÓDIGO DE IDIOMA | |
| Llengües tractades | spa |
| 110 ## - ENTRADA PRINCIPAL--NOMBRE DE ENTIDAD CORPORATIVA | |
| Nombre de entidad corporativa o nombre de jurisdicción como elemento de entrada | TERMCAT |
| 9 (RLIN) | 60609 |
| 245 ## - MENCIÓN DEL TÍTULO | |
| Título | Gastronomia del Pròxim Orient |
| Medio | [en línia] |
| Mención de responsabilidad, etc. | TERMCAT, Centre de Terminologia |
| 260 ## - PUBLICACIÓN, DISTRIBUCIÓN, ETC. | |
| Lugar de publicación, distribución, etc. | Barcelona |
| Nombre del editor, distribuidor, etc. | TERMCAT, Centre de Terminologia |
| Fecha de publicación, distribución, etc. | 2006 |
| 490 ## - MENCIÓN DE SERIE | |
| Mención de serie | Diccionaris en Línia |
| 500 ## - NOTA GENERAL | |
| Nota general | Sinònims, notes |
| 500 ## - NOTA GENERAL | |
| Publicació TERMCAT | termcat |
| 520 ## - RESUMEN, ETC. | |
| Nombre de termes | 20 |
| 546 ## - NOTA DE IDIOMA | |
| Llengua de les definicions | català |
| 592 ## - Tipus obra | |
| Tipus d'obra | Obra terminològica |
| 593 ## - Codi CGAT | |
| Codi de la CGAT | KQ |
| 650 #0 - PUNTO DE ACCESO ADICIONAL DE MATERIA--TÉRMINO DE MATERIA | |
| Término de materia o nombre geográfico como elemento de entrada | gastronomia del Pròxim Orient |
| 9 (RLIN) | 62593 |
| 830 ## - PUNTO DE ACCESO ADICIONAL DE SERIE-TÍTULO UNIFORME | |
| Título uniforme | Diccionaris en Línia |
| 9 (RLIN) | 74364 |
| 856 ## - LOCALIZACIÓN Y ACCESO ELECTRÓNICOS | |
| Identificador Uniforme de Recursos | <a href="https://www.termcat.cat/ca/diccionaris-en-linia/32">https://www.termcat.cat/ca/diccionaris-en-linia/32</a> |
| 901 ## - ELEMENTOS DE DATOS A LOCAL LDA (RLIN) | |
| c | cop. <2006> |
| 902 ## - ELEMENTOS DE DATOS B LOCAL, LDB (RLIN) | |
| a | 220922 |
| 942 ## - ELEMENTOS DE ENTRADA SECUNDARIOS (KOHA) | |
| Tipo de ítem Koha | Monografia |
| Suprimir en OPAC | No |
| Fuente del sistema de clasificación o colocación | Clasificación Decimal Dewey |
| Estatus retirado | Estado de pérdida | Fuente del sistema de clasificación o colocación | Estado de daño | No para préstamo | Biblioteca de origen | Biblioteca actual | Fecha de adquisición | Total de préstamos | Código de barras | Visto por última vez | Identificador Uniforme de Recursos | Precio de reemplazo | Tipo de ítem Koha |
|---|---|---|---|---|---|---|---|---|---|---|---|---|---|
| ddc | TERMCAT | TERMCAT | 22/09/2022 | P_68278 | 22/09/2022 | https://www.termcat.cat/ca/diccionaris-en-linia/32 | 22/09/2022 | MO |